000 00349 a2200157 4500
001 154676
040 _cEscola São Tomás de Aquino
100 _aANDREAZZA, Maria Luiza
240 1 0 _aImigrantes no Brasil
_lpor
245 1 0 _aImigrantes no Brasil
300 _a53
362 0 _a2000
440 1 _aPositivo
697 _aHISTÓRIA
942 _cBK
999 _c154676
_d154676